000
00322nam a2200145Ia 4500
008
191201s2006 xx 000 0 und d
082
_a
658
_b
STM
100
_a
STONER, Jamies A P
245
0
_a
Management
250
_a
10th
260
_a
N.Delhi
_b
Pearson
_c
2006
300
_a
656+MISC
650
_a
BBA
942
_2
ddc
_c
BK
999
_c
4777
_d
4777